000 00950nas a2200289 4500
001 BR2015006697
003 BR-BrBNA
005 20231205130100.0
007 ta
008 230509b bl.|||p| |||| 00| 00por d
040 _aBR-BrBNA
_bpor
_cBiblioteca Nacional de Agricultura
041 _a(Pt)
072 _aF04; F08; F07
100 1 _aScherer, E.E.
100 1 _aSpagnollo, E.
100 1 _aBaldissera, I.T.
245 1 _aAtributos químicos do solo e resposta de plantas forrageiras à aplicação de esterco líquido de suinos por longo período em sistema de plantio direto
650 _aQUÍMICA DO SOLO
650 _aADUBO ORGÂNICO
650 _aGRAMÍNEA FORRAGEIRA
650 _aESTERCO
650 _aSUÍNO
650 _aPLANTIO DIRETO
773 0 _tAgropecuária Catarinense (Brazil)
_xISSN 0103-0779
_g(Aug-Dec 2015), v. 28(2) p. 78-83
_wBR2015006697
909 _a202311
_bLúcia
_c55
_dLúcia Elande
942 _2AGRIS
_n0
_cANA
999 _c247806
_d247806